| 000 | 00440cam a22001934a 4500 | ||
|---|---|---|---|
| 005 | 20250605164155.0 | ||
| 008 | 250528s ||||||||||||||||||||||||d | ||
| 035 | _a19552 | ||
| 020 | _a131392476 | ||
| 040 |
_aGR-AtMCL _bgre _dGR-AtMCL _eAACR2 |
||
| 245 | 1 | _aCOBOL PROGRAMMING | |
| 250 | _a3 | ||
| 260 |
_bPrentice Hall, _c1989 |
||
| 300 | _a551 | ||
| 700 | 1 |
_aAbel Peter _91555 |
|
| 942 | _cBK | ||
| 999 |
_c4808 _d4808 |
||